LIBRARY ONLINE CATALOGUE

Principles of economics / (Record no. 19292)

MARC details
000 -LEADER
fixed length control field 00643cam a22002412 4500
001 - CONTROL NUMBER
control field 0000000189
003 - CONTROL NUMBER IDENTIFIER
control field OSt
005 - DATE AND TIME OF LATEST TRANSACTION
control field 20220323153926.0
008 - FIXED-LENGTH DATA ELEMENTS--GENERAL INFORMATION
fixed length control field 070116s xx 000 0 eng d
020 ## - INTERNATIONAL STANDARD BOOK NUMBER
International Standard Book Number 1473749504
040 ## - CATALOGING SOURCE
Original cataloging agency KABU
Transcribing agency KABU
050 ## - LIBRARY OF CONGRESS CALL NUMBER
Classification number HB171.5
Item number .M36 2018
100 1# - MAIN ENTRY--PERSONAL NAME
Personal name Mankiw, N. Gregory.
245 10 - TITLE STATEMENT
Title Principles of economics /
Statement of responsibility, etc. Gregory N. Mankiw.
250 ## - EDITION STATEMENT
Edition statement 3rd ed.
260 ## - PUBLICATION, DISTRIBUTION, ETC. (IMPRINT)
Place of publication, distribution, etc. Australia
Name of publisher, distributor, etc. Cengage
Date of publication, distribution, etc. 2018
300 ## - PHYSICAL DESCRIPTION
Extent xviii, 683p.
650 #0 - SUBJECT ADDED ENTRY--TOPICAL TERM
Topical term or geographic name as entry element Economics.
700 ## - ADDED ENTRY--PERSONAL NAME
Personal name Rashwan, Mohamed H.
908 ## - PUT COMMAND PARAMETER (RLIN)
Put command parameter 070116
942 ## - ADDED ENTRY ELEMENTS (KOHA)
Source of classification or shelving scheme Library of Congress Classification
Koha item type General Collection
Holdings
Withdrawn status Lost status Source of classification or shelving scheme Not for loan Home library Current library Date acquired Total Checkouts Full call number Barcode Date last seen Date last checked out Price effective from Koha item type
    Library of Congress Classification   Kabarak, Main Campus Kabarak, Main Campus 23/03/2022 1 HB171.5 .M36 2018 c.1 031584 02/08/2024 17/05/2024 23/03/2022 General Collection